000 00830nam a2200241Ia 4500
003 OSt
005 20220923220806.0
006 a|||||r|||| 00| 0
007 ta
008 220922b |||||||| |||| 00| 0 hin d
024 _a190,490
037 _cTextual
040 _aARTS
_cARTS
_bhin
041 _2hin
_ahin
082 _aDelta2y7M72, 152K9.3-.4
100 _aअरविंद
245 0 _aयोग समन्वय उत्तरार्द्ध
246 _aYog sahinvaya uttarārddha
260 _aपांडिचेरी
_b श्री अरविंद सोसाइटी
_c1969
650 _aआध्यात्मिक अनुभव और रहस्यवाद
942 _hDelta2y7M72, 152K9.3-.4
_cTEXL
_2CC
999 _c343265
_d343265